Classroom computers and cognitive science
Αποθηκεύτηκε σε:
| Άλλοι συγγραφείς: | |
|---|---|
| Μορφή: | Βιβλίο |
| Γλώσσα: | English |
| Δημοσίευση: |
New York :
Academic Press,
1983
|
| Σειρά: | Educational technology series
|
| Θέματα: | |
| Ετικέτες: |
Προσθήκη ετικέτας
Δεν υπάρχουν, Καταχωρήστε ετικέτα πρώτοι!
|
MARC
| LEADER | 00000cam a2200000 i 4500 | ||
|---|---|---|---|
| 001 | 1/78345 | ||
| 008 | 980826s1983 eng d | ||
| 020 | |a 0-12-752070-8 | ||
| 035 | |l 10032899 | ||
| 035 | |a 1988 |b 3 |c Ανθουλιάς | ||
| 040 | |a GR-MY-UA |b gre |e aacr | ||
| 041 | 0 | |a eng | |
| 082 | 0 | |a 370.285 |2 (19) | |
| 245 | 1 | 0 | |a Classroom computers and cognitive science / |c edited by Alex Cherry Wilkinson |
| 260 | |a New York : |b Academic Press, |c 1983 | ||
| 300 | |a xii, 241 p.; |b ill.; |c 24 cm | ||
| 490 | 1 | |a Educational technology series | |
| 504 | |a Includes bibliographies and indexes | ||
| 650 | 0 | 0 | |a Computer-assisted instruction |x Congresses. |
| 650 | 0 | 0 | |a Individualized instruction |x Congresses. |
| 650 | 0 | 0 | |a Cognitive science |x Congresses. |
| 700 | 1 | |a Wilkinson, Alex Cherry. |4 edt | |
| 830 | 0 | |a Educational technology series | |
| 852 | |a INST |b RHODES |e 19980826 |h 370.285 CLA |p 005400003566 |q 005400003566 |t BK |y 0 | ||
| 909 | |a Ρ |b 013003 |c 1988 | ||